000 00498nam a2200181Ia 4500
005 20250923144501.0
008 008 250917s9999 xx 000 0 eng d
037 _aTextual
040 _aDSWL
_beng
_cDSWL
041 _aeng
_2eng
084 _qDSWL
100 _aThornedike, Robert L.
_9825351
245 0 _aPersonal selection
_cby Robert L. Thornedike
260 _aNew York
_b John Willey & Sons
_c1950
300 _aviii,358p.
942 _cTEXL
999 _c1439454
_d1439454